| 000 | 00947nam a2200229 a 4500 | ||
|---|---|---|---|
| 001 | 71124 | ||
| 003 | BD-RjUL | ||
| 005 | 20211209082059.0 | ||
| 008 | 170426s1973 ii ||||| |||| 00| 0 ben d | ||
| 020 | _c: IRs 5.00 | ||
| 035 | _a(BD-RjUL)71339 | ||
| 040 |
_aBD-RjUL _bben _cBD-RjUL |
||
| 041 | _aben | ||
| 082 |
_223 _a891.4414 _bMUO 1973 |
||
| 100 | 1 |
_aমুখোপাধ্যায়, জীবন কুমার _9210433 |
|
| 245 | 1 | 0 |
_aঅন্যান্য প্রসঙ্গে রবীন্দ্রনাথ / _cজীবন কুমার মুখোপাধ্যায় |
| 260 |
_aকলকাতা : _b মহাত্নাগান্ধী রোড, _c১৯৭৩ |
||
| 300 |
_a১০৪ পৃ. ; _c১৮ সেমি. |
||
| 600 |
_aঠাকুর, রবীন্দ্রনাথ _d১৮৬১-১৯৪১ _9210439 |
||
| 600 |
_aTAgore, Robindronath, _d1861-1941 _9210440 |
||
| 942 |
_2ddc _cBK |
||
| 999 |
_c71124 _d71124 |
||